Patterns of first marriage: timing and prevalence
sin resumen
Guardado en:
| Institution som forfatter: | |
|---|---|
| Format: | Ukendt |
| Sprog: | Spanish |
| Udgivet: |
Nueva York:
Naciones Unidas,
1990
|
| Tags: |
Tilføj Tag
Ingen Tags, Vær først til at tagge denne postø!
|
MARC
| LEADER | 00000 a2200000 04500 | ||
|---|---|---|---|
| 001 | 2150 | ||
| 003 | cru CIDCACS/IIS | ||
| 005 | 20230320110021.0 | ||
| 008 | 230320b |||||||| |||| 00| 0 spa d | ||
| 040 | |c cru CIDCACS/IIS | ||
| 090 | |a 10769.00 | ||
| 110 | 1 | |a United Nations. Department of International Economic and Social Affairs | |
| 245 | |a Patterns of first marriage: |b timing and prevalence | ||
| 260 | |a Nueva York: |b Naciones Unidas, |c 1990 | ||
| 300 | |a 327 páginas | ||
| 520 | |a sin resumen | ||
| 942 | |2 ddc |c LI | ||
| 999 | |c 8212 |d 8212 | ||
